000 01699nab a22002897a 4500
999 _c5496
_d5496
003 OSt
005 20251209135919.0
008 190502c xxu||||| |||| 00| 0 spa d
040 _cPJ
100 _96487
_aGaloto, Julieta
245 1 3 _aLa maternidad en el régimen penitenciario. Derecho de las niñas, niños y adolescentes /
_cJulieta Galoto.
260 _aCiudad Autónoma de Buenos Aires :
_bThomson Reuters La Ley,
_c2025.
300 _ap. 86-90
500 _aCita Online: AR/DOC/2681/2024.
505 _aSumario: I. Introducción.— II. Fallo "Q. P., J. J. s/ comercio de estupefacientes".— III. Análisis desde el derecho internacional de los derechos humanos.— IV. Análisis desde la legislación nacional.— V. Derecho de los niños, niñas y adolescentes con progenitores privados de su libertad.— VI. Conclusión.
505 _tFallo comentado: CPenal, Penal Juvenil, Contravencional y de Faltas, Ciudad Autónoma de Buenos Aires, sala III ~ 09/06/2023 ~ Q. P., J. J. s/ comercio de estupefacientes o cualquier materia prima para su producción / tenencia con fines de comercialización.
505 _t¿Te interesa el texto completo? Solicitalo al correo: koha@justierradelfuego.gov.ar
650 0 _9343
_aDERECHO PENAL
650 0 _92348
_aPROCESO PENAL
650 0 _94065
_aPRISION DOMICILIARIA
650 0 _94973
_aPROTECCION DE LA MATERNIDAD
650 0 _94048
_aCUMPLIMIENTO DE LA PENA
650 0 _92741
_aDERECHOS DE LAS NIÑAS, NIÑOS Y ADOLESCENTES
650 0 _94097
_aINTERES SUPERIOR DEL NIÑO
773 0 _02729
_93180
_dBuenos Aires : LexisNexis, 2006-
_tRevista de derecho penal y procesal penal. Nº 2 - Febrero 2025
_z9875920622
942 _2udc
_cANA